PAÍSES CUYA CIUDAD MÁS POBLADA NO ES LA CAPITAL - Estadísticas

Estadísticas generales
  • Esta prueba ha sido intentada 74 veces
  • La puntuación promedio es 18 de 34
Estadísticas de respuestas
Hint Respuesta % Correcto
Oceanía. A______ Australia.
98%
América. B______ Bolivia.
92%
América. B______ Brasil.
82%
Asia. C______ China.
75%
América. B______ Belice.
71%
América. C______ Canadá.
71%
África. S_______ Sudáfrica.
65%
América. E______ Ecuador.
63%
África. C_______ Camerún.
61%
Bicontinental. T______ Turquía.
61%
Asia. I_______ India.
59%
África. N_______ Nigeria.
59%
Oceanía. P______ Palaos.
59%
Europa. S______ Suiza.
59%
Bicontinental. E______ Estados Unidos.
57%
África. M_______ Marruecos.
57%
Oceanía. N_____ Nueva Zelanda.
57%
Asia. F______ Filipinas.
55%
Asia. V______ Vietnam.
53%
África. S_______ Sudán.
51%
África. B_______ Benín.
49%
África. T_______ Tanzania.
49%
Asia. K______ Kazajistán.
47%
Europa. L______ Liechtenstein.
47%
Oceanía. M_____ Micronesia.
47%
África. G_______ Gambia.
39%
Asia. E______ Emiratos Árabes Unidos.
37%
Asia. M______ Myanmar.
37%
África. B_______ Burundi.
33%
África. C_______ Costa de Marfil.
33%
Europa. M______ Malta.
33%
África. S_______ Suazilandia.
29%
Europa. S______ San Marino.
20%
África. M_______ Malaui.
18%
No se encontraron pruebas coincidentes
Distribución de puntuación
Porcentaje de gente con cada puntuación
Porcentaje por número respondido
Historial de tus puntuaciones
No has intentado esta prueba.